000 00756nas a2200241 4500
001 BR0904717
003 BR-BrBNA
005 20231205113528.0
007 ta
008 230509b bl.|||p| |||| 00| 00por d
040 _aBR-BrBNA
_bpor
_cBiblioteca Nacional de Agricultura
041 _a(Pt)
072 _aU10; L01
100 1 _aToral, F.L.B.
245 1 _aNúmero e intervalo de pesagens para estimação de parâmetros de curvas de crescimento em bovinos
650 _aBOVINO
650 _aPESO
650 _aCRESCIMENTO
650 _aMODELO MATEMÁTICO
773 0 _tRevista Brasileira de Zootecnia (Brazil)
_xISSN 1516-3598
_g(Dec 2008), v. 37(12) p. 2120-2128
_wBR0904717
909 _a202311
_bLúcia
_c55
_dLúcia Elande
942 _2AGRIS
_n0
_cANA
999 _c204264
_d204264